| 000 | 00884cam a2200253 i 4500 | ||
|---|---|---|---|
| 001 | bg | ||
| 003 | KOSZ 005 | ||
| 005 | 20191009081703.0 | ||
| 008 | 970904s1990 pl a f f |000 0 pol | ||
| 015 | _aPB 1990/7332 | ||
| 040 |
_aWA N _cKOSZ 005/HR _dKOSZ 005/HR |
||
| 080 | _a624.01/.07 | ||
| 080 | _a(075.8) | ||
| 100 | 1 |
_aMielczarek, Zbigniew _d(1931- ) _eAutor |
|
| 245 | 1 | 0 |
_aKonstrukcje drewniane. _nCz. 2 / _cZbigniew Mielczarek ; Politechnika Szczecińska. Instytut Inżynierii Lądowej. |
| 260 |
_aSzczecin : _bWydaw. Uczelniane PS, _c1990. |
||
| 300 |
_a255 s. : _bfot., rys. ; _c24 cm. |
||
| 504 | _aBibliogr. s. 255. | ||
| 580 | _aCz. 1 poz. 1382/88. | ||
| 655 | 4 | _aPodręczniki akademickie | |
| 650 | 4 | _aKonstrukcje drewniane | |
| 856 |
_uhttp://koha.tu.koszalin.pl/cgi-bin/koha/opac-detail.pl?biblionumber=4203 _yKatalog online BPK |
||
| 942 |
_2UKD _cKS |
||
| 999 |
_c4203 _d4203 |
||